| 000 | 00587nam a2200145Ia 4500 | ||
|---|---|---|---|
| 008 | 220214s9999 xx 000 0 und d | ||
| 022 | _a0300-6123 | ||
| 245 | 0 | _aRubber and Plastics News | |
| 260 |
_bCrain Communications, Akron _aUSA |
||
| 310 | _aW | ||
| 500 | _aEnding Volume & Year: , 1998 | ||
| 500 | _aMissing Volume: 1975(Apr-Dec);1978(Apr-Dec);1979(Jan,Maar,Sep);1980(Feb,Dec);1981(Aug,Nov,Dec);1982(Jan-Jun);1983(Sep-Dec);1984(Jan-Jul);1986(Sep-Dec);1990(Mar-Apr,Dec);1994(Jan-July);1995(July-Dec);check wi jl and add | ||
| 500 | _aStarting Volume & Year: 1975 | ||
| 942 | _cBJ | ||
| 999 |
_c12981 _d12981 |
||